000 00619nam a2200241 i 4500
001 C2-0295267
003 PPAK
005 20180728030856.0
008 090324s2008 enk |||| ||||| | eng d
020 _a9780552773430
040 _aPPAK
_beng
_cPPAK
_erda
082 0 4 _a823
_223
090 0 0 _a823
_bRAM
_dG
100 1 _aRamsland, Morten,
_eauthor
245 1 0 _aDoghead
264 1 _aGreat Britain :
_bA Black Swan Book ,
_c2008
300 _a473 pages ;
_c20 cm
336 _2rdacontent
_atext
337 _2rdamedia
_aunmediated
338 _2rdacarrier
_avolume
650 1 0 _aEnglish fiction
942 _ddc
_cB
999 _c99837
_d99837